Výrobná spolupráca ČSSR s členskými krajinami RVHP v podmienkach intenzívneho rozvoja socialistickej ekonomickej integrácie v oblasti poľnohospodárstva priebežná správa etapovej výskumnej úlohy ŠPZV VIII-2-5/4
Uložené v:
| Médium: | Kniha |
|---|---|
| Jazyk: | Slovak |
| Vydavateľské údaje: |
Bratislava
Vysoká škola ekonomická
1982
|
| Tagy: |
Žiadne tagy, Buďte prvý, kto otaguje tento záznam!
|
MARC
| LEADER | 00000nam a2200000 4500 | ||
|---|---|---|---|
| 001 | c127456 | ||
| 005 | 20250708102010.6 | ||
| 041 | 0 | |a slo | |
| 044 | |a SK | ||
| 245 | 1 | 0 | |a Výrobná spolupráca ČSSR s členskými krajinami RVHP v podmienkach intenzívneho rozvoja socialistickej ekonomickej integrácie v oblasti poľnohospodárstva |b priebežná správa etapovej výskumnej úlohy ŠPZV VIII-2-5/4 |
| 264 | 1 | |a Bratislava |b Vysoká škola ekonomická |c 1982 | |
| 300 | |a 59 s. | ||